Nombra todas las canciones de Chiara Oliver - Estadísticas

Estadísticas generales
  • Esta prueba ha sido intentada 9 veces
  • La puntuación promedio es 10 de 15
Estadísticas de respuestas
Respuesta % Correcto
Tulipanes
86%
Blabla
71%
Bucle
71%
El parque
71%
La invitada
71%
Otro día
71%
Tic tac
71%
3 de febrero
57%
About time
57%
Cada vez
57%
Fa dies
57%
Mala costumbre
57%
Ronda de más
57%
Todas las versiones de mí
57%
Cómo aprender a volar
43%
No se encontraron pruebas coincidentes
Distribución de puntuación
Porcentaje de gente con cada puntuación
Porcentaje por número respondido
Historial de tus puntuaciones
No has intentado esta prueba.